000 00937cab a2200289 4500
001 ABS51775
008 090401t1994 xxu||||| |||| 00| 0 eng d
035 _a(Sirsi) u43592
041 _aeng
100 _aMcCallum, J.
245 _aLeases: obligation to repair
260 _c1994
350 _a0
490 _aEstates Gazette
_v(9444) 5 November 1994, 233-234(2)
520 _aSuggests ways, in which purchasers or lessees of property can protect themselves against bills for repairs for work inadequately carried out for vendor or landlord. Looks particularly at assignment of the benefit of contract.
650 _aASSIGNMENT
650 _aBENEFIT OF CONTRACT
650 _aContracts
_96232
650 _aLEASES
650 _aNEGLIGENCE
650 _aPRIVITY OF CONTRACT
650 _aREPAIR BILLS
650 _aREPAIRS
690 _aLANDLORD AND TENANT-BUSINESS TENANCIES
942 _n0
948 _c04/03/1997
999 _c27784
_d27784